Los Angeles Kings Roster 24-25 - Statistics

General Stats
  • This quiz has been taken 64 times
    7 since last reset
  • The average score is 21 of 30
Answer Stats
# Player % Correct
9 Adrian Kempe
100%
96 Andrei Kuzmenko
100%
11 Anze Kopitar
100%
92 Brandt Clarke
100%
35 Darcy Kuemper
100%
8 Drew Doughty
100%
22 Kevin Fiala
100%
44 Mikey Anderson
100%
24 Phillip Danault
100%
55 Quinton Byfield
100%
15 Alex Turcotte
86%
31 David Rittich
86%
12 Trevor Moore
86%
14 Alex Laferriere
71%
43 Jacob Moverare
71%
39 Jeff Malott
71%
6 Joel Edmundson
71%
79 Samuel Helenius
71%
84 Vladislav Gavrikov
71%
37 Warren Foegele
71%
7 Kyle Burroughs
57%
52 Taylor Ward
57%
29 Pheonix Copley
43%
61 Trevor Lewis
43%
26 Akil Thomas
29%
40 Carter George
29%
73 Francesco Pinelli
29%
10 Tanner Jeannot
29%
82 Caleb Jones
14%
53 Jack Studnicka
14%
No matching quizzes found
Score Distribution
Percent of People with Each Score
Percentile by Number Answered
Your Score History
You have not taken this quiz since the last reset